Turbulence and navier stokes equations: proceedings of the Conference
-д хадгалсан:
| Үндсэн зохиолч: | |
|---|---|
| Формат: | Ном |
| Хэл сонгох: | англи |
| Хэвлэсэн: |
Berlín
Springer-Verlag
1976
|
| Цуврал: | Lecture Notes in Mathematics, 565
|
| Нөхцлүүд: | |
| Шошгууд: |
Шошго нэмэх
Шошго байхгүй, Энэхүү баримтыг шошголох эхний хүн болох!
|
MARC
| LEADER | 00000nam a2200000 a 4500 | ||
|---|---|---|---|
| 001 | UCQ8684 | ||
| 003 | CL-VaPUC | ||
| 005 | 20240829145347.0 | ||
| 008 | 981217e19760000gw 1 eng d | ||
| 082 | 0 | 4 | |a 532.0527 |b TEM |2 21 |
| 100 | 1 | |a Temam, Roger |e author |9 619202 | |
| 245 | 1 | 0 | |a Turbulence and navier stokes equations: proceedings of the Conference |
| 260 | |a Berlín |b Springer-Verlag |c 1976 | ||
| 300 | |a 194 p | ||
| 490 | 0 | |a Lecture Notes in Mathematics, 565 | |
| 583 | |a last modification |c 19981217 00:00:00 |k Rodrigo Vera | ||
| 650 | 0 | 0 | |a Mecánica de fluidos |9 259464 |
| 650 | 0 | 7 | |a FISICA DE FLUIDOS |2 CL-VaPUC |9 348403 |
| 650 | 0 | 7 | |a ENERGIA DE FLUIDOS |2 CL-VaPUC |9 348404 |
| 650 | 0 | 7 | |a TURBULENCIA |2 CL-VaPUC |9 331387 |
| 650 | 0 | 7 | |a INESTABILIDAD |2 CL-VaPUC |9 348408 |
| 942 | |c BK | ||
| 945 | |a cmena |d 19981217 00:00:00 | ||
| 546 | |a En Inglés | ||
| 536 | |a French Mathematical Society | ||
| 518 | |p Workshop on the Mathematical aspects of Turbulence, Orsay, 12 y 13 de Junio de 1975 | ||
| 999 | |c 383296 |d 383294 | ||